Pilotes MotoGP 2023 - Statistiques

Statistiques générales
  • Ce quiz a été pris 260 fois
  • Le résultat moyen est 20 sur 22
Statistiques - réponses
Prénom Nom % Correct
Johann Zarco
99%
Fabio (N°20) Quartararo
97%
Francesco Bagnaia
95%
Maverick Viñales
95%
Brad Binder
94%
Marc Márquez
94%
Enea Bastianini
93%
Franco Morbidelli
93%
Aleix Espargaró
92%
Pol Espargaró
92%
Luca Marini
91%
Jorge Martín
90%
Jack Miller
90%
Álex (N°73) Márquez
89%
Joan Mir
89%
Augusto Fernández
87%
Raúl Fernández
86%
Takaaki Nakagami
86%
Álex (N°42) Rins
78%
Marco Bezzecchi
76%
Miguel Oliveira
76%
Fabio (N°49) Di Giannantonio
69%
Aucun quiz correspondant
Distribution des résultats
% des personnes avec chaque résultat
Percentile par nombre de réponses
Votre historique - résultats
Vous n’avez pas pris ce quiz